[Event "ACP Blitz Prelim2"]
[Site "playchess.com INT"]
[Date "2004.04.13"]
[Round "14"]
[White "Vescovi,G"]
[Black "Gallegos,Ca"]
[Result "1-0"]
[WhiteElo "2648"]
[BlackElo "2452"]

1.e4 d6 2.d4 Nf6 3.Nc3 c6 4.Bd3 e5 5.Nge2 Be7 6.O-O O-O 7.f4 Bg4 8.dxe5 dxe5
9.fxe5 Nfd7 10.Bf4 Qb6+ 11.Kh1 Qxb2 12.Qe1 Bxe2 13.Nxe2 Nxe5 14.Rb1 Nxd3
15.cxd3 Qa3 16.Rb3 Qa6 17.Nd4 Nd7 18.Nf5 Rfe8 19.Qg3 g6 20.Nh6+ Kg7 21.Bg5 f6
22.Nf5+ Kh8 23.Nxe7 Rxe7 24.Qd6 Rf7 25.Bh6 Re8 26.Rfb1 b5 27.h3 Qb6 28.Rc1 Ne5
29.d4 Nc4 30.Rxc4 Rd8 31.Qe6 Qc7 32.Rxc6 Qd7 33.d5 g5 34.Rxb5 Qxe6 35.dxe6 Re7
36.e5 fxe5 37.Bxg5 Rd1+ 38.Kh2 Re8 39.Bf6+ Kg8 40.Rxe5 h6 41.Rc7 Rd6 42.Rg7+ Kf8
43.e7+ Rxe7 44.Bxe7+  1-0

[Event "ACP Blitz Prelim4"]
[Site "playchess.com INT"]
[Date "2004.04.15"]
[Round "11"]
[White "Gofshtein,Z"]
[Black "Socko,B"]
[Result "1/2-1/2"]
[WhiteElo "2522"]
[BlackElo "2579"]

1.e4 d6 2.d4 Nf6 3.Nc3 e5 4.Nf3 Nbd7 5.Bc4 Be7 6.O-O O-O 7.Re1 c6 8.a4 b6
9.dxe5 dxe5 10.Nh4 Nc5 11.Nf5 Bxf5 12.exf5 Qxd1 13.Rxd1 Rfe8 14.h3 h5 15.Be3 Ncd7
16.Ne4 Nxe4 17.Rxd7 Nd6 18.Be2 Nxf5 19.Bxh5 Nxe3 20.fxe3 g6 21.Bf3 Bc5 22.Bxc6 Bxe3+
23.Kf1 Rac8 24.Bd5 Rf8 25.Ke2 Bf4 26.c3 Rcd8 27.Bxf7+ Kg7 28.Rxd8 Rxd8 29.Bc4 Rd2+
30.Kf3 Rxb2 31.g3 Bd2 32.Rd1 Kf8 33.Ke4 Bxc3 34.Rd8+ Ke7 35.Ra8 Kd6 36.Rxa7 Kc5
37.Bb5 Bd4 38.Rg7 Rb1 39.Rxg6 Re1+ 40.Kf5 e4 41.h4 e3 42.Re6 Rg1 43.g4 Rg3
44.h5 Rf3+ 45.Kg5 Kd5 46.Re8 Bf6+ 47.Kg6 Kd4 48.g5 Be5 49.h6 Rg3 50.h7 Rh3
51.Kf5 Rf3+ 52.Kg4 Rg3+ 53.Kh4 Rg1 54.Kh5 Rh1+ 55.Kg6 Rh2 56.Re6 Ke4 57.Re7 Kf4
58.Rf7+ Ke4 59.Rf8 Kd4 60.Rd8+ Ke4 61.Re8 Kd4 62.Re6 Ke4 63.Rxb6 e2 64.Bxe2 Rxe2
65.Re6 Rh2 66.a5 Kd5 67.Re8 Bd4 68.a6 Kc6 69.a7 Bxa7 70.h8=Q Rxh8 71.Rxh8 Bd4
72.Kf7 Kd6 73.g6 Bxh8 74.g7 Bxg7  1/2-1/2

[Event "2nd Nabokov Mem"]
[Site "Kiev UKR"]
[Date "2004.04.17"]
[Round "7"]
[White "Onischuk,V"]
[Black "Berezin,V UKR"]
[Result "1-0"]
[WhiteElo "2237"]
[BlackElo "2371"]

1.e4 d6 2.d4 Nf6 3.Nc3 c6 4.Nf3 g6 5.Be2 Bg7 6.O-O O-O 7.h3 b5 8.e5 Nfd7
9.Bf4 dxe5 10.Nxe5 Nxe5 11.Bxe5 Nd7 12.Bxg7 Kxg7 13.Bf3 Qb6 14.Re1 e6 15.a4 Rb8
16.Qd2 Rd8 17.Qf4 Nf6 18.a5 Qb7 19.Qe5 Rd5 20.Nxd5 exd5 21.g4 h6 22.h4  1-0

[Event "Constantin Ungureanu Mem"]
[Site "Bucharest ROM"]
[Date "2004.04.18"]
[Round "4"]
[White "Djukic,Ni"]
[Black "Badea,B"]
[Result "1/2-1/2"]
[WhiteElo "2449"]
[BlackElo "2509"]

1.e4 d6 2.d4 Nf6 3.Nc3 e5 4.Nf3 Nbd7 5.Bc4 Be7 6.O-O O-O 7.Re1 c6 8.a4 b6
9.b3 a6 10.Bb2 Qc7 11.Bd3 Re8 12.Ne2 Bf8 13.Ng3 g6 14.Qd2 Bg7 15.c4 a5 16.Rad1 Ng4
17.h3 Nh6 18.c5 bxc5 19.dxe5 dxe5 20.Bc4 Kh8 21.Nf1 f6 22.Bc3 Nf8 23.Ne3 Ne6
24.Bxe6 Bxe6 25.Qc2 Nf7 26.Nd2 Red8 27.Ndc4 Rd4 28.Bxd4 cxd4 29.Nf1 Bf8 30.Rc1 Bb4  1/2-1/2

[Event "6th Open"]
[Site "Dubai UAE"]
[Date "2004.04.19"]
[Round "1"]
[White "Iuldachev,S"]
[Black "Alieva,E"]
[Result "1-0"]
[WhiteElo "2536"]
[BlackElo "2208"]

1.e4 d6 2.d4 Nf6 3.Nc3 c6 4.f4 Qa5 5.Bd3 e5 6.Nf3 Bg4 7.Be3 Nbd7 8.O-O Be7
9.h3 Bxf3 10.Qxf3 O-O 11.Ne2 exd4 12.Bxd4 Qc7 13.c4 g6 14.g4 b5 15.cxb5 c5
16.Bc3 c4 17.Bc2 Nc5 18.Nd4 Nfd7 19.Nc6 Bf6 20.g5 Bxc3 21.Ne7+ Kg7 22.Qxc3+  1-0

[Event "2nd Nabokov Mem"]
[Site "Kiev UKR"]
[Date "2004.04.19"]
[Round "9"]
[White "Moliboga,V"]
[Black "Berezin,V UKR"]
[Result "1/2-1/2"]
[WhiteElo "2329"]
[BlackElo "2371"]

1.e4 d6 2.d4 Nf6 3.Nc3 c6 4.Nf3 Bg4 5.Be2 e6 6.Ng5 Bxe2 7.Qxe2 Be7 8.O-O O-O
9.e5 Nfd7 10.f4 c5 11.Nce4 d5 12.Nf2 h6 13.Nf3 cxd4 14.f5 exf5 15.Nxd4 Nc6
16.Nxc6 bxc6 17.Nd3 Nc5 18.Rxf5 Qd7 19.Rh5 Ne4 20.Be3 f5 21.Rf1 Rae8 22.Bxh6 Bd8
23.Be3 g6 24.Rh3 Bb6 25.Kh1 Rf7 26.Rh6 Rg7 27.Qf3 Qe7 28.Bc1 c5 29.c4 dxc4
30.Nf4 Qxe5 31.Nxg6 Qe6 32.Nh4 Qf7 33.Nxf5 Rh7 34.Rxh7 Qxh7 35.Nh6+ Kh8 36.Nf7+ Kg8
37.Ng5 Nxg5 38.Bxg5 Qg6 39.Qd5+ Qe6 40.Qxe6+ Rxe6 41.Bd2 Bc7 42.Bc3 Rh6 43.h3 Re6
44.Re1 Ra6 45.a3 Kf7 46.g4 Ba5 47.Bxa5 Rxa5 48.Kg2 c3 49.bxc3 Rxa3 50.Rc1 a5
51.Kf3 Ra2 52.h4 a4 53.Kf4 a3 54.Kg5 Rb2 55.Rf1+ Kg7 56.Rf6 c4 57.Ra6 Rb5+
58.Kf4 Rb3 59.Ra7+ Kg8 60.h5 Rxc3 61.g5 Rb3 62.h6 c3 63.g6 Rb8 64.Rxa3 Rc8
65.Ra1 c2 66.Rc1 Rc6 67.Kf5 Rc5+ 68.Kf6 Rc6+ 69.Kf5 Rc5+ 70.Ke6 Rc6+ 71.Kf5 Rc5+
72.Ke4 Rc6 73.h7+ Kh8 74.Kf5 Rxg6  1/2-1/2

[Event "Constantin Ungureanu Mem"]
[Site "Bucharest ROM"]
[Date "2004.04.20"]
[Round "6"]
[White "Osman,Mi"]
[Black "Badea,B"]
[Result "0-1"]
[WhiteElo "2205"]
[BlackElo "2509"]

1.e4 d6 2.d4 Nf6 3.Nc3 e5 4.dxe5 dxe5 5.Qxd8+ Kxd8 6.Bc4 Ke8 7.Be3 Bb4 8.f3 Bxc3+
9.bxc3 Nc6 10.Bb5 Bd7 11.Bxc6 Bxc6 12.O-O-O Nd7 13.Kb2 Nb6 14.Bxb6 axb6 15.Ne2 Ra4
16.Rd2 Ke7 17.Rhd1 Rha8 18.Nc1 h5 19.g3 g6 20.Re1 Bd7 21.f4 R8a5 22.Rd5 exf4
23.Rxa5 bxa5 24.gxf4 Bc6 25.Nb3 Rxe4 26.Rxe4+ Bxe4 27.Nxa5 Kf6 28.c4 Kf5
29.Kc3 Kxf4 30.Kd4 b6 31.Nb3 Bxc2 32.c5 Bxb3 33.cxb6 cxb6 34.axb3 f5  0-1

[Event "6th Open"]
[Site "Dubai UAE"]
[Date "2004.04.20"]
[Round "2"]
[White "Asrian,K"]
[Black "Doostkam,P"]
[Result "1-0"]
[WhiteElo "2605"]
[BlackElo "2226"]

1.e4 d6 2.d4 Nf6 3.Nc3 e5 4.Nf3 Nbd7 5.Bc4 Be7 6.O-O O-O 7.a4 a5 8.Re1 c6
9.Ba2 exd4 10.Nxd4 Nc5 11.Bf4 Ne6 12.Nxe6 Bxe6 13.Bxe6 fxe6 14.Qe2 Qb6 15.Rab1 Rae8
16.e5 Nd5 17.Bg3 Qc7 18.Qh5 Nxc3 19.exd6 Bxd6 20.bxc3 Bxg3 21.hxg3 b6 22.Qg4 Rf6
23.Re3 Kh8 24.Rbe1 Qf7 25.f4 g6 26.Rd1 Qc7 27.Rd4 Kg7 28.Qe2 Re7  1-0

[Event "6th Open"]
[Site "Dubai UAE"]
[Date "2004.04.20"]
[Round "2"]
[White "Sturua,Z"]
[Black "Velikhanli,F"]
[Result "1-0"]
[WhiteElo "2533"]
[BlackElo "2350"]

1.d4 d6 2.e4 Nf6 3.Nc3 c6 4.f4 g6 5.Nf3 Bg7 6.Bd3 O-O 7.O-O b5 8.e5 dxe5
9.dxe5 Nd5 10.Nxd5 Qxd5 11.Qe2 Bg4 12.Be4 Qd7  1-0

[Event "TCh-RUS w"]
[Site "Sochi RUS"]
[Date "2004.04.21"]
[Round "2"]
[White "Korbut,E"]
[Black "Kirillova,V"]
[Result "1-0"]
[WhiteElo "2338"]
[BlackElo "2229"]

1.e4 d6 2.d4 Nf6 3.Nc3 e5 4.Nf3 Nbd7 5.Bc4 Be7 6.O-O O-O 7.a4 c6 8.Ba2 b6
9.Re1 a6 10.h3 Bb7 11.d5 cxd5 12.Nxd5 Nxd5 13.Bxd5 Bxd5 14.Qxd5 Qc7 15.c4 Qc5
16.Qd3 Rac8 17.b3 Qc6 18.Ba3 Rfd8 19.Rad1 h6 20.Re2 Bf8 21.Nh4 Nc5 22.Bxc5 Qxc5
23.Nf5 b5 24.axb5 axb5 25.Qg3 g6 26.Rd5 Qa3 27.Rxb5 Qc1+ 28.Kh2 Qd1 29.Re3 Ra8
30.Nh4 Ra1 31.Qf3 Qh1+ 32.Kg3 Be7 33.Rb7 Bxh4+ 34.Kxh4 Rf8 35.Rd3 Rg1 36.Rxd6 Rxg2
37.Rd8 Rg4+ 38.Kxg4 f5+ 39.exf5 h5+ 40.Kg3 h4+ 41.Kg4 Qg1+ 42.Kxh4 Rxd8 43.Qg3 Rd4+
44.Kg5 Qe1 45.Kxg6  1-0

[Event "TCh-RUS 1st Liga"]
[Site "Sochi RUS"]
[Date "2004.04.21"]
[Round "2"]
[White "Chadaev,N"]
[Black "Demakov,P"]
[Result "1-0"]
[WhiteElo "2370"]
[BlackElo "2223"]

1.e4 d6 2.d4 Nf6 3.Nc3 e5 4.dxe5 dxe5 5.Qxd8+ Kxd8 6.Nf3 Bd6 7.Bg5 Be6 8.O-O-O Nd7
9.Nd2 Ke7 10.Bc4 a6 11.Rhe1 h6 12.Bxf6+ gxf6 13.Nd5+ Bxd5 14.Bxd5 Rab8 15.Nf1 Nb6
16.Ng3 Nxd5 17.Rxd5 Ke6 18.Nf5 Rhg8 19.g3 Rg5 20.Ne3 c6 21.h4 cxd5 22.exd5+ Kd7
23.hxg5 hxg5 24.Rh1 Bc5 25.Nf5 Bxf2 26.Rh6 e4 27.Rxf6 Rf8 28.Kd2 Bc5 29.Rh6 Re8
30.c4 Re5 31.Rf6 Ke8 32.Ke2 e3 33.b3 a5 34.Nh6 Re4 35.Rf5 g4 36.Rg5 Bd6 37.Nxg4 Ke7
38.Nh2 Kf6 39.Rg8 b6 40.Ng4+ Ke7 41.Re8+ Kxe8 42.Nf6+ Ke7 43.Nxe4 Be5 44.g4 Bd4
45.Kd3 b5 46.c5 Kd7 47.c6+ Kc7 48.Nc3  1-0

[Event "6th Open"]
[Site "Dubai UAE"]
[Date "2004.04.22"]
[Round "4"]
[White "Negi,P"]
[Black "Velikhanli,F"]
[Result "1/2-1/2"]
[WhiteElo "2167"]
[BlackElo "2350"]

1.e4 d6 2.d4 Nf6 3.Nc3 c6 4.Bg5 Qb6 5.a3 Nbd7 6.Nf3 e5 7.Bc4 Be7 8.O-O O-O
9.dxe5 Nxe5 10.Nxe5 dxe5 11.Be3 Qc7 12.a4 Bb4 13.Na2 Be7 14.f3 Nh5 15.Nc3 Nf4
16.Ne2 Rd8 17.Qe1 Be6 18.Bxe6 Nxe6 19.Qf2 Qa5 20.Kh1 Qb4 21.b3 Rd7 22.Qe1 a5
23.Qxb4 axb4 24.Rad1 Rad8 25.Rxd7 Rxd7 26.g3 Bc5 27.Bc1 Kf8 28.f4 exf4 29.gxf4 Ke8
30.Kg2  1/2-1/2

[Event "6th Open"]
[Site "Dubai UAE"]
[Date "2004.04.23"]
[Round "5"]
[White "Satyapragyan,S"]
[Black "Sturua,Z"]
[Result "1-0"]
[WhiteElo "2351"]
[BlackElo "2533"]

1.e4 d6 2.d4 Nf6 3.Nc3 c6 4.a4 g6 5.Nf3 Bg7 6.Be2 O-O 7.O-O Qc7 8.h3 Nbd7
9.Re1 e5 10.Bf1 a5 11.Be3 Re8 12.d5 Nb6 13.Ra3 cxd5 14.exd5 Bd7 15.Bxb6 Qxb6
16.Rb3 Qc7 17.Nd2 Rab8 18.Nc4 Red8 19.Ne3 Rdc8 20.Nc4 Bf8 21.Qf3 Qd8 22.Nb6 Rc7
23.Bd3 Be8 24.Nc4 Kg7 25.Ne3 Bd7 26.Bb5 Bc8 27.Ra3 Ng8 28.Nc4 b6 29.Bc6 f5
30.Rb3 Rf7 31.Nxa5 Ba6 32.Bb5 Bxb5 33.axb5 bxa5 34.Ra3 Nf6 35.Rea1 Ra8 36.b4 a4
37.Nxa4 Rc7 38.Nc5 dxc5 39.Rxa8 Qd6 40.R1a6 Qxd5 41.R8a7 Rxa7 42.Rxa7+ Kh6
43.Qxd5 Nxd5 44.Rf7  1-0

[Event "Constantin Ungureanu Mem"]
[Site "Bucharest ROM"]
[Date "2004.04.24"]
[Round "10"]
[White "Lupulescu,C"]
[Black "Badea,B"]
[Result "1/2-1/2"]
[WhiteElo "2556"]
[BlackElo "2509"]

1.e4 d6 2.d4 Nf6 3.Nc3 e5 4.Nf3 Nbd7 5.Bc4 Be7 6.O-O O-O 7.Re1 c6 8.a4 b6
9.h3 a6 10.Ba2 Rb8 11.Nh4 exd4 12.Qxd4 Nc5 13.Nf3 Be6 14.Bxe6 Nxe6 15.Qc4 Qc8
16.e5 b5 17.axb5  1/2-1/2

[Event "6th Open"]
[Site "Dubai UAE"]
[Date "2004.04.24"]
[Round "6"]
[White "Ramesh,R"]
[Black "Doostkam,P"]
[Result "1-0"]
[WhiteElo "2493"]
[BlackElo "2226"]

1.e4 d6 2.d4 Nf6 3.Nc3 e5 4.Nf3 Nbd7 5.Bc4 Be7 6.O-O O-O 7.Re1 c6 8.a4 a5
9.b3 exd4 10.Nxd4 Nb6 11.Bf1 d5 12.e5 Ne8 13.Qf3 Nc7 14.Nce2 f6 15.exf6 Bxf6
16.Qc3 Nd7 17.Ba3 c5 18.Bxc5 Nxc5 19.Qxc5 Be7 20.Qc3 Bb4 21.Qg3 Bxe1 22.Rxe1 Ra6
23.Rd1 Raf6 24.f3 Qe7 25.Qf2 Qc5 26.Rd3 Na6 27.Rc3 Qb6 28.Re3 Nc5 29.Nc3 Rd8
30.Re5 Ne6 31.Nxe6 Qxf2+ 32.Kxf2 Bxe6 33.Bd3 g6 34.g3 Kg7 35.f4 h6 36.h4 Bg8
37.Re7+ Rf7 38.Re5 Rfd7 39.Ne2 Bf7 40.Bb5 Rc7 41.Nd4 Kf6 42.g4 Kg7 43.Bd3 Rh8
44.Ne6+ Bxe6 45.Rxe6 Rc6 46.Re7+ Kf6 47.Rxb7 g5 48.Kg3 Re6 49.fxg5+ hxg5
50.hxg5+ Kxg5 51.Rg7+ Kh6 52.Rd7 Re5 53.Kf4 Re1 54.Rxd5 Rf8+ 55.Bf5 Rf1+
56.Ke3 Ra8 57.Kd2 Rf2+ 58.Kc3 Kg5 59.Kc4 Kf6 60.Kb5 Rf4 61.Kb6  1-0

[Event "Bundesliga 2003-4"]
[Site "Kreuzberg GER"]
[Date "2004.04.24"]
[Round "14"]
[White "Buchal,S"]
[Black "Schwarz,Mic"]
[Result "0-1"]
[WhiteElo "2376"]
[BlackElo "2411"]

1.e4 d6 2.d4 Nf6 3.Nc3 c6 4.f4 Qa5 5.Bd2 Qb6 6.Nf3 Bg4 7.Na4 Bxf3 8.gxf3 Qc7
9.f5 Nbd7 10.c4 g6 11.Bh3 Bg7 12.Qe2 O-O 13.Nc3 Rae8 14.O-O-O e6 15.Qf2 exf5
16.exf5 d5 17.cxd5 cxd5 18.Kb1 Nb6 19.Bg5 a6 20.Qh4 Qd6 21.Rhg1 Nc4 22.Qf2 b5
23.Bf1 b4 24.Na4 Qd7 25.Nc5 Qxf5+ 26.Bd3 Qc8 27.Qh4 Qc6 28.Rc1 a5 29.Ne4 Nd7
30.Bh6 dxe4 31.Bxc4 Qd6 32.Bxg7 Kxg7 33.fxe4 Qxd4 34.Rgd1 Qf6 35.Qg3 Ne5
36.Bd5 Rc8 37.Qh3 Qf3 38.Qh4 Rxc1+ 39.Rxc1 Nd3 40.Rg1 Qe2  0-1

[Event "TCh-RUS w"]
[Site "Sochi RUS"]
[Date "2004.04.24"]
[Round "5"]
[White "Kochetkova,J"]
[Black "Kirillova,V"]
[Result "1/2-1/2"]
[WhiteElo "2274"]
[BlackElo "2229"]

1.e4 d6 2.d4 Nf6 3.Nc3 e5 4.Nf3 Nbd7 5.Bc4 Be7 6.O-O O-O 7.a4 c6 8.Re1 b6
9.d5 Bb7 10.b3 a6 11.dxc6 Bxc6 12.Nd5 Nxd5 13.Bxd5 Qc7 14.c4 Bxd5 15.Qxd5 Qc5
16.Qd2 Qc6 17.Ba3 Nc5 18.Qc2 Rfc8 19.Rad1 b5 20.cxb5 axb5 21.Rd5 bxa4 22.Bxc5 axb3
23.Qxb3 dxc5 24.Nxe5 Qe6 25.h3 Rab8 26.Qd3 h6 27.Rd1 Rb4 28.Rc1 Bf6 29.Nd7 c4
30.Nxf6+ Qxf6 31.e5 Qf4 32.Qd2 Qxd2 33.Rxd2 c3 34.Rdc2 Re4  1/2-1/2

[Event "TCh-RUS 1st Liga"]
[Site "Sochi RUS"]
[Date "2004.04.24"]
[Round "5"]
[White "Petrushin,A"]
[Black "Ivanov,T"]
[Result "0-1"]
[WhiteElo "2487"]
[BlackElo "2419"]

1.e4 d6 2.d4 Nf6 3.Nc3 e5 4.Nf3 Nbd7 5.Bc4 Be7 6.O-O O-O 7.Re1 c6 8.a4 b6
9.b3 Bb7 10.Bb2 a6 11.Qd2 b5 12.Bd3 Re8 13.Ne2 Bf8 14.Ng3 h6 15.c3 Qc7 16.c4 bxc4
17.Bxc4 exd4 18.Nxd4 d5 19.exd5 cxd5 20.Bf1 Ne4 21.Nxe4 dxe4 22.Rac1 Qd6
23.Qe3 Ne5 24.Qg3 Qf6 25.h3 Bd6 26.Qe3 Rad8 27.Ba1 Qg6 28.Rcd1 f5 29.Kh1 Nd3
30.Re2 Bf4 31.Rxd3 Bxe3 32.Rdxe3 f4  0-1

[Event "TCh-RUS 1st Liga"]
[Site "Sochi RUS"]
[Date "2004.04.25"]
[Round "6"]
[White "Zhukov,Vl"]
[Black "Demakov,P"]
[Result "1-0"]
[WhiteElo "2281"]
[BlackElo "2223"]

1.e4 d6 2.d4 Nf6 3.Nc3 e5 4.dxe5 dxe5 5.Qxd8+ Kxd8 6.Bc4 Be6 7.Bxe6 fxe6
8.f3 Bd6 9.Be3 Ke7 10.Nh3 Nbd7 11.Nf2 a6 12.Nd3 h6 13.Na4 b5 14.Nac5 Nxc5
15.Nxc5 Bxc5 16.Bxc5+ Kf7 17.Ke2 Rhd8 18.Rhd1 Ke8 19.a4 Rxd1 20.Kxd1 Nd7
21.Bf2 b4 22.Ke2 Ke7 23.Rd1 a5 24.h4 h5 25.b3 Ra6 26.Be3 Rc6 27.Rc1 Nb8 28.c3 bxc3
29.Kd3 Rd6+ 30.Kxc3 Kd7 31.Bc5 Rc6 32.Kc4 Kc8 33.Kd3 Na6 34.Ba3 Rb6 35.Rc3 Kd7
36.Kc2 g6 37.Rd3+ Kc8 38.Rc3 Kd7 39.Bc5 Rc6 40.Bf8 Rb6 41.Kb2 Nb8 42.Bc5 Rb7
43.g4 Na6 44.gxh5 gxh5 45.Bf8 Rb8 46.Bg7 Kd6 47.Rd3+ Ke7 48.Bxe5 Nc5 49.Re3 Nxa4+
50.Ka3 Nc5 51.Bxc7 Rb5 52.Rc3 Nb7 53.Bf4 Kf6 54.Be3 Ke5 55.Rc8 Kd6 56.Bf4+ Kd7
57.Rc7+ Kd8 58.Rc3 Kd7 59.Bd2 Nc5 60.Be3 Nb7 61.Rc1 Kd6 62.Rd1+ Ke5 63.Rg1 Kd6
64.Rg5 Rxg5 65.Bxg5 Kc5 66.Ka4 Kb6 67.Be3+ Ka6 68.b4 Nd6 69.Bc5 Nc4 70.b5+ Kb7
71.f4 Nb2+ 72.Kxa5 Nd3 73.Be3 Ne1 74.f5 exf5 75.exf5 Nf3 76.Bf2 Ne5 77.f6 Nf7
78.Bg3 Nh6 79.Bh2 Nf7 80.Bf4 Nd8 81.Kb4 Kc8 82.Kc4 Kd7 83.Kd5 Ne6 84.Bd6 Nd8
85.b6 Ne6 86.f7  1-0

[Event "TCh-RUS w"]
[Site "Sochi RUS"]
[Date "2004.04.25"]
[Round "6"]
[White "Korbut,E"]
[Black "Chernova,A"]
[Result "1-0"]
[WhiteElo "2338"]
[BlackElo "2047"]

1.e4 d6 2.d4 Nf6 3.Nc3 Nbd7 4.g4 h6 5.f3 e5 6.Be3 Be7 7.Qd2 c6 8.Nge2 Qc7
9.Ng3 exd4 10.Bxd4 Ne5 11.Be2 Be6 12.Nf5 Bxf5 13.gxf5 O-O-O 14.f4 Ned7 15.O-O-O Kb8
16.Rhg1 Rhg8 17.Rg3 g6 18.fxg6 Rxg6 19.Bc4 Rxg3 20.hxg3 Nc5 21.Qe3 b5 22.Bxf7 b4
23.Bxc5 dxc5 24.Ne2 Rxd1+ 25.Kxd1 Ng4 26.Qf3 Qd7+ 27.Kc1 Ne5 28.Qh5 Nxf7
29.Qxf7 Kc7 30.e5 Bd8 31.e6 Qxf7 32.exf7 Be7 33.f5 Kd6 34.Nf4 Ke5 35.Ng6+ Kf6
36.g4 Kxf7 37.Nxe7 Kxe7 38.Kd2 c4 39.a4 a5 40.Ke3 c5 41.Kf4 Kd7 42.Ke5 c3
43.bxc3 c4 44.cxb4 axb4 45.Kd4  1-0

[Event "4th Gold Cup"]
[Site "Szombathely HUN"]
[Date "2004.04.25"]
[Round "7"]
[White "Ionica,I"]
[Black "Vajda,S"]
[Result "1/2-1/2"]
[WhiteElo "2295"]
[BlackElo "2362"]

1.e4 d6 2.d4 Nf6 3.Nc3 e5 4.Nf3 Nbd7 5.Bc4 Be7 6.O-O O-O 7.a4 c6 8.Ba2 h6
9.Qe2 a5 10.h3 exd4 11.Nxd4 Nc5 12.Bf4 Ne6 13.Be3 Nxd4 14.Bxd4 Re8 15.Qf3 Be6
16.Bxe6 fxe6 17.e5 Nd5 18.Qg4 Bf8 19.exd6 Qxd6 20.Ne4 Qd8 21.Be5 Kh7 22.Ra3 Qd7
23.Rf3 b5 24.Qh5 Ra7 25.Rd1 Rd8 26.axb5 cxb5 27.Rf7 Qxf7 28.Ng5+ Kg8 29.Nxf7 Rxf7
30.Qe2 b4 31.Bg3 Nf4 32.Bxf4 Rxd1+ 33.Qxd1 Rxf4 34.Qd7 Rf6 35.Kf1 Kh7 36.Qd3+ Kg8
37.Qa6 Kf7 38.Qxa5 Rf5 39.Qc7+ Be7 40.c3 Rc5 41.Qf4+ Rf5 42.Qc4 bxc3 43.bxc3 Bc5
44.f3 Kf6 45.Qh4+ Kf7 46.Ke2 Be7 47.Qe4 h5 48.g4 hxg4 49.hxg4 Ra5 50.c4 Ra2+
51.Kd3 Ra5 52.Qb7 Rg5 53.Kd4 Kf6 54.Qc6 Kf7 55.Qd7 Kf6 56.Qc7 Kf7 57.Qc6 Kf6
58.Qc7 Kf7 59.Qf4+ Kg6 60.Qe4+ Kf7 61.Qe2 Bd6 62.Qe4 Be7 63.Qb7 Kf6 64.Qc7 Kf7
65.c5 Rd5+ 66.Kc4 Rxc5+ 67.Qxc5 Bxc5 68.Kxc5 Kf6 69.Kd6 g5 70.Kd7 Kf7 71.Kd6 Kf6
72.Kd7 Kf7  1/2-1/2

[Event "TCh-RUS 1st Liga"]
[Site "Sochi RUS"]
[Date "2004.04.26"]
[Round "7"]
[White "Weetik,V"]
[Black "Kabanov,N"]
[Result "0-1"]
[WhiteElo "2436"]
[BlackElo "2519"]

1.e4 d6 2.d4 Nf6 3.Nc3 c6 4.Bg5 Nbd7 5.f4 Qa5 6.Qd2 e5 7.Nf3 Be7 8.Bd3 h6
9.Bxf6 Bxf6 10.dxe5 dxe5 11.f5 Be7 12.O-O Qb6+ 13.Kh1 Qxb2 14.Rab1 Qa3 15.Ne2 Qc5
16.Qe1 b6 17.Qg3 Bf6 18.Qh3 Bb7 19.a4 O-O-O 20.a5 h5 21.axb6 axb6 22.Nd2 Kc7
23.Nb3 Qe7 24.Nc3 Ra8 25.Bc4 h4 26.Rfd1 Rhd8 27.Qf3 Bg5 28.Qh5 f6 29.Rd3 Nf8
30.Qe2 Rxd3 31.cxd3 b5 32.Bg8 Nd7 33.Qc2 Kd8 34.d4 exd4 35.Nxd4 Nc5 36.Ne6+ Nxe6
37.Bxe6 Ke8 38.Qe2 g6 39.e5 Kf8 40.Rf1 h3 41.Ne4 c5 42.exf6 Bxf6 43.Qg4 Ra4
44.Qxh3 Rxe4 45.fxg6 Ke8 46.Bf7+ Kd8 47.Qd3+ Kc7 48.Qxb5 Re2 49.Qa5+ Kb8
50.Qb5 Rb2 51.g7 Bxg7  0-1

[Event "6th Open"]
[Site "Dubai UAE"]
[Date "2004.04.27"]
[Round "8"]
[White "El Arousy,A"]
[Black "El Taher,F"]
[Result "1-0"]
[WhiteElo "2375"]
[BlackElo "2501"]

1.d4 d6 2.e4 Nf6 3.Nc3 Nbd7 4.f4 e5 5.Nf3 exd4 6.Qxd4 c6 7.Be3 d5 8.exd5 Bc5
9.Qd3 Qe7 10.Kd2 cxd5 11.Re1 O-O 12.Bxc5 Qxc5 13.Kc1 Qd6 14.g3 Nc5 15.Qd4 a6
16.Bg2 Rd8 17.Rd1 Bf5 18.Ne5 Rac8 19.Bxd5 Nxd5 20.Qxd5 Qe7 21.Qf3 f6 22.Rxd8+ Qxd8
23.Nc4 b5 24.Rd1 Nd3+ 25.cxd3 bxc4 26.dxc4 Qe7 27.Qd5+ Be6 28.Qd6 Qf7 29.b3 h5
30.Kb2 a5 31.Nd5 Kh7 32.Re1  1-0

[Event "TCh-RUS w"]
[Site "Sochi RUS"]
[Date "2004.04.27"]
[Round "8"]
[White "Ambartsumova,K"]
[Black "Fominykh,M"]
[Result "0-1"]
[WhiteElo "2147"]
[BlackElo "2298"]

1.e4 d6 2.d4 Nf6 3.Nc3 e5 4.Nge2 c6 5.a4 g6 6.g3 Bg7 7.Bg2 O-O 8.O-O a5 9.h3 Na6
10.Be3 Nb4 11.Qd2 Be6 12.b3 d5 13.dxe5 Nxe4 14.Nxe4 dxe4 15.Rad1 Qxd2 16.Rxd2 Bxe5
17.Rfd1 f5 18.Bf1 Nd5 19.Bc5 Rfe8 20.Bd4 Bxd4 21.Rxd4 Bf7 22.c4 Nf6 23.Nf4 g5
24.Ng2 Be6 25.Be2 Kf7 26.f4 exf3 27.Bxf3 Re7 28.Ne1 Rae8 29.Kf2 Bc8 30.Nd3 g4
31.hxg4 fxg4 32.Bg2 Re2+ 33.Kg1 Nh5 34.Rf1+ Kg7 35.Kh2 Rd2 36.Rf2 Rd1 37.Rf1 Rxf1
38.Bxf1 Re3 39.Nc5 Nxg3 40.Bg2 Ne2 41.Re4 Rxe4 42.Nxe4 b6 43.Nd6 Bd7 44.c5 bxc5
45.Nb7 g3+ 46.Kh1 h5 47.Nxc5 Bc8 48.Bxc6 h4 49.Ne4 h3 50.Nd6 Bd7 51.Bf3 Nd4
52.Be4 Kf6 53.Bb7 Ke5 54.Nc4+ Kf4 55.Nxa5 Nf3 56.Bxf3 Kxf3  0-1

[Event "TCh-RUS w"]
[Site "Sochi RUS"]
[Date "2004.04.28"]
[Round "9"]
[White "Nikolaeva,A2"]
[Black "Kirillova,V"]
[Result "0-1"]
[WhiteElo "1978"]
[BlackElo "2229"]

1.e4 d6 2.d4 Nf6 3.Nc3 e5 4.Nf3 Nbd7 5.Bc4 Be7 6.O-O O-O 7.Re1 c6 8.a4 b6
9.h3 a6 10.Ba2 Bb7 11.dxe5 dxe5 12.Nh4 b5 13.Nf5 b4 14.Nb1 Nc5 15.Nd2 Re8
16.Qf3 Bf8 17.Ng3 Ne6 18.Nb3 c5 19.Be3 Qc7 20.Nd2 Nd4 21.Bxd4 cxd4 22.Nc4 a5
23.Rac1 Ba6 24.c3 dxc3 25.bxc3 b3  0-1

[Event "ch-LTU"]
[Site "Vilnius LTU"]
[Date "2004.04.29"]
[Round "10"]
[White "Dambrauskas,V"]
[Black "Sulskis,S"]
[Result "0-1"]
[WhiteElo "2303"]
[BlackElo "2570"]

1.d4 d6 2.e4 Nf6 3.Nc3 c6 4.g3 e5 5.dxe5 dxe5 6.Qxd8+ Kxd8 7.Bg5 Be7 8.O-O-O+ Nfd7
9.Bxe7+ Kxe7 10.Bh3 a5 11.Nge2 h5 12.f4 Nf6 13.Bxc8 Rxc8 14.h3 Nbd7 15.Kd2 h4
16.Ke3 hxg3 17.Nxg3 Rh8 18.Nce2 g6 19.f5 Rh4 20.fxg6 fxg6 21.Kf3 Rf8 22.Ke3 Nc5
23.Nc3 b5 24.a3 b4 25.axb4 axb4 26.Nce2 Nfxe4 27.Ra1 Rhf4 28.Rhf1 g5 29.Nxe4 Rxe4+
30.Kd2 Rd8+ 31.Ke1 b3 32.Rc1 bxc2 33.Rxc2 Nd3+  0-1

[Event "ch-LTU"]
[Site "Vilnius LTU"]
[Date "2004.04.30"]
[Round "11"]
[White "Zapolskis,A"]
[Black "Zagorskis,D"]
[Result "0-1"]
[WhiteElo "2344"]
[BlackElo "2470"]

1.e4 d6 2.d4 Nf6 3.Nc3 e5 4.dxe5 dxe5 5.Qxd8+ Kxd8 6.Nf3 Bd6 7.Bg5 Be6 8.O-O-O Nd7
9.Bb5 Kc8 10.h3 Ne8 11.Bxd7+ Bxd7 12.Rd3 f6 13.Be3 b6 14.a4 Be6 15.b3 Rf8
16.Rhd1 Rf7 17.Nb5 Be7 18.c4 Nd6 19.Nc3 Nb7 20.Nd5 Bf8 21.Nc3 c6 22.Kb2 Kc7
23.Nh4 Nc5 24.R3d2 Re8 25.f4 exf4 26.Bxf4+ Kc8 27.Nf3 Bd7 28.e5 fxe5 29.Bxe5 Bxh3
30.b4 Nb7 31.Nd4 Bd7 32.b5 Na5 33.bxc6 Nxc4+ 34.Kc2 Nxd2 35.Ncb5 Bg4 36.Rxd2 Rxe5
37.c7 Rxc7+ 38.Nxc7  0-1

[Event "FSIM May"]
[Site "Budapest HUN"]
[Date "2004.05.02"]
[Round "2"]
[White "Dimitrijevic,A"]
[Black "Papatryfonos,C"]
[Result "1-0"]
[WhiteElo "2292"]
[BlackElo "2114"]

1.e4 d6 2.d4 Nf6 3.Nc3 c6 4.f4 Qa5 5.Bd2 e5 6.dxe5 dxe5 7.fxe5 Ng4 8.Be2 Nxe5
9.Nf3 Nbd7 10.Nd4 Qb6 11.Nf5 g6 12.Ng3 Bg7 13.Na4 Qd4 14.c3 Nd3+ 15.Bxd3 Qxd3
16.b3 Ne5 17.Nb2 Qd8 18.O-O O-O 19.Qc2 Ng4 20.Bf4 Be6 21.Nd3 Qb6+ 22.Kh1 Ne3
23.Bxe3 Qxe3 24.Rae1 Qb6 25.e5 Rad8 26.h3 Qc7 27.Qe2 Rfe8 28.Qe3 Qb6 29.Qf3 Re7
30.c4 Qc7 31.Re3 Rde8 32.Rfe1 Rd8 33.Re4 Bc8 34.R4e3 b6 35.Ne4 Bf5 36.Nf6+ Kh8
37.Nb4 Bxf6 38.exf6 Rxe3 39.Qxe3 Qd6 40.Qe8+ Qf8 41.Qxf8+ Rxf8 42.Nxc6 Be6
43.Nxa7 Ra8 44.Nb5 Rxa2 45.Nd4 Kg8 46.Nxe6 fxe6 47.Rxe6 Ra6 48.Kh2  1-0

[Event "Karadjordje-Serbia"]
[Site "Topola SCG"]
[Date "2004.05.05"]
[Round "2"]
[White "Pavasovic,D"]
[Black "Damljanovic,B"]
[Result "1/2-1/2"]
[WhiteElo "2591"]
[BlackElo "2583"]

1.e4 d6 2.d4 Nf6 3.Nc3 e5 4.Nf3 Nbd7 5.Bc4 Be7 6.O-O O-O 7.a4 c6 8.Re1 b6
9.d5 cxd5 10.Nxd5 Nxd5 11.Bxd5 Rb8 12.b3 a6 13.Nd2 Nf6 14.Nc4 Nxd5 15.Qxd5 Be6
16.Qd3 b5 17.axb5 axb5 18.Ne3 Qc7 19.Bd2 Qc5 20.b4 Qc7 21.Ra5 Bg5 22.Rd1 Bxe3
23.Bxe3 Bc4 24.Qd2 Rfd8 25.Ba7 Rbc8 26.Qe3  1/2-1/2

[Event "Karadjordje-Serbia"]
[Site "Topola SCG"]
[Date "2004.05.06"]
[Round "3"]
[White "Todorovic,GM"]
[Black "Ivanisevic,I"]
[Result "0-1"]
[WhiteElo "2548"]
[BlackElo "2550"]

1.e4 d6 2.d4 Nf6 3.Nc3 e5 4.Nge2 exd4 5.Nxd4 Be7 6.g3 d5 7.e5 Ng4 8.e6 Nf6
9.exf7+ Kxf7 10.Bg2 c6 11.O-O Re8 12.Re1 Na6 13.b3 Bg4 14.f3 Bd7 15.Nde2 Bd6
16.Bb2 Nc5 17.Qd2 Be5 18.Kh1 Kg8 19.Nf4 Qc7 20.Ncxd5 cxd5 21.Nxd5 Qc6 22.Rxe5 Rxe5
23.Nxf6+ Qxf6 24.f4 Re2 25.Qxe2 Qxb2 26.Rd1 Qc3 27.Bd5+ Kh8 28.Re1 h6 29.Qe3 Qxc2
30.Rc1 Qd3 31.Qxc5 Rc8 32.Qxc8+ Bxc8 33.Rxc8+ Kh7 34.Bg8+ Kg6 35.Kg2 Qd2+
36.Kg1 Qd7 37.Rf8 Qe7 38.Rf7 Qd8 39.Rxb7 Qxg8 40.Rxa7 Qd5 41.Ra4 Kf5 42.Kf2 Qh1
43.h4 Kg4 44.f5+ Kh3 45.g4 Kxh4 46.Ke3 Qd1 47.Rc4 Kg3 48.b4 Qd5 49.Rc5 Qxa2
50.b5 Qf2+  0-1